• 首页
  • 本馆介绍
  • 公告通知
  • 最新文献
  • 馆藏检索
  • 电子资源
  • 读者导购
  • 参考咨询
  • 我的图书馆
  • 登录
  • 详细信息显示
  • 放入我的书架
  • 预约/预借图书
  • 作者相关作品
  • 分类相关作品
  • 丛书相关作品
  • 出版社相关作品

书目信息

  • 表格格式
  • 工作单格式
  • 卡片格式
题名:
中国传统戏曲口头剧本研究
    
 
作者: 郑劭荣 著
分册:  
出版信息: 北京   光明日报出版社  2015
页数: 306页
开本: 24cm
丛书名: 当代中国学术文库
单 册:
中图分类: I207.37
科图分类:
主题词: 古代戏曲--Gu Dai Xi Qu--剧本--研究--中国
电子资源:
ISBN: 978-7-5112-8555-3
000 01039nam0 22002651 450
001 350402
005 20161010101930.85
010    @a978-7-5112-8555-3@b精装@dCNY68.00
100    @a20151009d2015 em y0chiy50 ea
101 0  @achi
102    @aCN@b110000
105    @aag z 000yy
106    @ar
200 1  @a中国传统戏曲口头剧本研究@AZhong Guo Chuan Tong Xi Qu Kou Tou Ju Ben Yan Jiu@f郑劭荣著
210    @a北京@c光明日报出版社@d2015
215    @a306页@c照片,图@d24cm
225 2  @a当代中国学术文库@ADang Dai Zhong Guo Xue Shu Wen Ku
300    @a国家社科基金一般项目研究成果 长沙理工大学出版资助
330    @a本书研究了传统戏曲“口头剧本”。一方面系统梳理口头剧本的历史脉络及其与书面剧本的关系;另一方面,立足历史和现状两个维度,全面研究口头剧本的形态结构、编创与表演、技艺传承及其活动现状。
461  0 @12001 @a当代中国学术文库
606 0  @a古代戏曲@AGu Dai Xi Qu@x剧本@x研究@y中国
690    @aI207.37@v5
701  0 @a郑劭荣@AZheng Shao Rong@4著
801  0 @aCN@bTANGWEI@c20160804
905    @b0889855-9@dI207.37@e115@f5
    
    中国传统戏曲口头剧本研究/郑劭荣著 .-北京:光明日报出版社,2015
    306页:照片,图;24cm.-(当代中国学术文库)
    国家社科基金一般项目研究成果 长沙理工大学出版资助
    
    ISBN 978-7-5112-8555-3(精装):CNY68.00
    本书研究了传统戏曲“口头剧本”。一方面系统梳理口头剧本的历史脉络及其与书面剧本的关系;另一方面,立足历史和现状两个维度,全面研究口头剧本的形态结构、编创与表演、技艺传承及其活动现状。
●
相关链接 在E读中查询图书 在五车中查询图书 在当当中查询图书 在豆瓣中查询图书


正题名:中国传统戏曲口头剧本研究     索取号:I207.37/115         预约/预借

序号 登录号 条形码 馆藏地/架位号 状态 备注
1 0889855   208898558   第一样本阅览室/ [索取号:I207.37/115] 在馆    
2 0889856   208898567   第二借阅区/ [索取号:I207.37/115] 在馆    
3 0889857   208898576   第二借阅区/ [索取号:I207.37/115] 在馆    
4 0889858   208898585   第二借阅区/ [索取号:I207.37/115] 在馆    
5 0889859   208898594   第二借阅区/ [索取号:I207.37/115] 在馆    
唐山师范学院图书馆 欢迎您!
大连网信软件有限公司© 版权所有